A first course in functional analysis

Tallennettuna:
Bibliografiset tiedot
Päätekijä: Somasundaram, D.
Aineistotyyppi: Kirja
Kieli:Undetermined
Julkaistu: Oxford, UK Alpha Science International 2006
Aiheet:
Tagit: Lisää tagi
Ei tageja, Lisää ensimmäinen tagi!
Thư viện lưu trữ: Trung tâm Học liệu Trường Đại học Cần Thơ
LEADER 00520nam a2200193Ia 4500
001 CTU_128530
008 210402s9999 xx 000 0 und d
020 |c 853000 
082 |a 515.7 
082 |b S693 
100 |a Somasundaram, D. 
245 2 |a A first course in functional analysis 
245 0 |c D. Somasundaram 
260 |a Oxford, UK 
260 |b Alpha Science International 
260 |c 2006 
650 |a Functional analysis. 
904 |i Minh 
980 |a Trung tâm Học liệu Trường Đại học Cần Thơ